| 000 | 00972nam a22002177a 4500 | ||
|---|---|---|---|
| 003 | MX-MxUPN | ||
| 005 | 20251024104855.0 | ||
| 008 | 250826s2007 fr ||||fr|||| 000 0 spa d | ||
| 040 |
_aMX-MxUPN _bspa _cMX-MxUPN |
||
| 041 | 0 | _aspa | |
| 050 | 1 | 4 |
_aAS4.U8A1 _bR4 2007 |
| 110 | 2 |
_aUnesco _922938 |
|
| 245 | 1 | 0 |
_aResoluciones propuestas 2008-2009 : _brevisado |
| 260 |
_aParís : _b Unesco, _c2007. |
||
| 300 | _a27 páginas | ||
| 490 | 0 | _vVolúmen 1 | |
| 500 | _aEn portada: "En este texto revisado figuran unicamente modificaiones de las resoluciones propuestas relativas al Gran programa I (comprendidos los institutos de educación), con las correspondientes modificaciones de las consignaciones de las hipótesis 1 (crecimiento real cero), 3 (crecimiento nominal cero reajustado y 4 (crecimiento nominal cero) y los cuadros presupestarios de este programa. | ||
| 610 | 2 | 0 |
_aUnesco _vPresupuestos _957489 |
| 902 | _aBerenice Martínez/260825 | ||
| 942 |
_2lcc _cFOLL |
||
| 999 |
_c213864 _d213864 |
||